ბათუმის შოთა რუსთაველის სახელმწიფო უნივერსიტეტის ბიბლიოთეკა

The Conflict resolution toolbox (ბიბ.ჩანაწერი № 51477)

000 -LEADER
fixed length control field 00762nam a2200253Ia 4500
001 - CONTROL NUMBER
control field 18463
003 - CONTROL NUMBER IDENTIFIER
control field GE_BSU
008 - FIXED-LENGTH DATA ELEMENTS--GENERAL INFORMATION
fixed length control field 181216s||||||||xx |||||||||||||| ||und||
020 ## - INTERNATIONAL STANDARD BOOK NUMBER
International Standard Book Number 9780470835173
040 ## - CATALOGING SOURCE
Transcribing agency GE_BSU
080 ## - UNIVERSAL DECIMAL CLASSIFICATION NUMBER
Universal Decimal Classification number 316
100 ## - MAIN ENTRY--PERSONAL NAME
Personal name Furlong, Gary T.
245 #4 - TITLE STATEMENT
Title The Conflict resolution toolbox
245 ## - TITLE STATEMENT
Remainder of title Models & Maps for Analyzing Diagnosing and Resolving Conflict
260 ## - PUBLICATION, DISTRIBUTION, ETC.
Place of publication, distribution, etc. Canada
260 ## - PUBLICATION, DISTRIBUTION, ETC.
Name of publisher, distributor, etc. John Wiley & Sons, Inc
260 ## - PUBLICATION, DISTRIBUTION, ETC.
Date of publication, distribution, etc. 2005
300 ## - PHYSICAL DESCRIPTION
Extent 256p.24cm.
653 ## - INDEX TERM--UNCONTROLLED
Uncontrolled term Models & Maps for Analyzing Diagnosing and Resolving Conflict
653 ## - INDEX TERM--UNCONTROLLED
Uncontrolled term The Conflict resolution toolbox
653 ## - INDEX TERM--UNCONTROLLED
Uncontrolled term კონფლიქტების მოგვარება
653 ## - INDEX TERM--UNCONTROLLED
Uncontrolled term სოციოლოგია
942 ## - ADDED ENTRY ELEMENTS (KOHA)
Koha item type წიგნი
ეგზემპლარები
Withdrawn status Lost status Damaged status Not for loan Date acquired Barcode Date last seen Price effective from Koha item type
        2018-12-17 47311 2018-12-17 2018-12-17 წიგნი